| 000 | 00000nam##2200000za#4500 |
| 001 | 9.691827 |
| 003 | CaOODSP |
| 005 | 20210624232936 |
| 007 | cr ||||||||||| |
| 008 | 150407|2006||||xxc|||||o f|0| 0 eng|d |
| 040 | |aCaOODSP|beng |
| 043 | |an-cn--- |
| 086 | 1 |aEn108-4/42-2006E-PDF |
| 110 | 1 |aCanada.|bCanadian Council of Ministers of the Environment. |
| 245 | 10|aCalculating critical loads of acid deposition for forest soils in Manitoba and Saskatchewan : |h[electronic resource]|bfinal report : data sources, critical load, exceedance and limitations / |c[by] Julian Aheme and Shaun A. Watmough. |
| 260 | |bCanadian Council of Ministers of the Environment |cAugust 2006. |
| 300 | |a67p.|bcoloured maps, references, tables |
| 590 | |a10-14-Supp|b2010-12-03 |
| 690 | 07|aAcid rain|2gcpds |
| 690 | 07|aForest management|2gcpds |
| 690 | 07|aSoil pollution|2gcpds |
| 720 | 1 |aAheme, Julian |
| 720 | 1 |aWatmough, Shaun A. |
| 856 | 40|ahttp://publications.gc.ca|qPDF|s8 MB|uhttps://publications.gc.ca/collections/collection_2010/ccme/En108-4-42-2006-eng.pdf |
| 986 | |aPN 1372 |